000 00697nam a22002057a 4500
005 20251108173141.0
008 250721s2004 xx 000 0 ara d
082 1 4 _a371.9/ ماك
100 1 _aماكنتاير، كريستين
245 1 0 _aأهمية اللعب للأطفال ذوي الإحتياجات الخاصة /
246 1 1 _aPLAYING FOR CHILDREN WITH SPICIAL NEEDS
264 1 _aالقاهرة :
_bدار الفاروق للنشر و التوزيع،
_c2004.
300 _a160ص
650 1 7 _aالتعليم الخاص
650 1 7 _aاللعب
650 1 7 _aالطلاب المعوقون
700 1 _aالعامري، خالد
_etran.
942 _2ddc
_cBK
999 _c97198
_d97198